Making waves : (Record no. 6861)
[ view plain ]
| 000 -LEADER | |
|---|---|
| fixed length control field | 01396cam a22003374a 4500 |
| 001 - CONTROL NUMBER | |
| control field | 12686076 |
| 003 - CONTROL NUMBER IDENTIFIER | |
| control field | OSt |
| 005 - DATE AND TIME OF LATEST TRANSACTION | |
| control field | 20210412114033.0 |
| 008 - FIXED-LENGTH DATA ELEMENTS--GENERAL INFORMATION | |
| fixed length control field | 020221s2002 enka b 000 0 eng |
| 010 ## - LIBRARY OF CONGRESS CONTROL NUMBER | |
| LC control number | 2002002877 |
| 020 ## - INTERNATIONAL STANDARD BOOK NUMBER | |
| International Standard Book Number | 1853839124 (pbk.) |
| 020 ## - INTERNATIONAL STANDARD BOOK NUMBER | |
| International Standard Book Number | 1853839159 (hard) |
| 035 ## - SYSTEM CONTROL NUMBER | |
| System control number | (DLC) 2002002877 |
| 035 ## - SYSTEM CONTROL NUMBER | |
| System control number | (DLC)2011 |
| 040 ## - CATALOGING SOURCE | |
| Original cataloging agency | DLC |
| Transcribing agency | DLC |
| Modifying agency | DLC |
| 042 ## - AUTHENTICATION CODE | |
| Authentication code | pcc |
| 082 00 - DEWEY DECIMAL CLASSIFICATION NUMBER | |
| Classification number | 333.917BRO 2002 |
| 100 1# - MAIN ENTRY--PERSONAL NAME | |
| Personal name | Brown, Katrina, |
| Dates associated with a name | 1960- |
| 9 (RLIN) | 14072 |
| 245 10 - TITLE STATEMENT | |
| Title | Making waves : |
| Remainder of title | integrating coastal conservation and development / |
| Statement of responsibility, etc. | Katrina Brown, Emma L. Tompkins, W. Neil Adger. |
| 260 ## - PUBLICATION, DISTRIBUTION, ETC. (IMPRINT) | |
| Place of publication, distribution, etc. | London ; |
| -- | Sterling, VA : |
| Name of publisher, distributor, etc. | Earthscan, |
| Date of publication, distribution, etc. | 2002. |
| 300 ## - PHYSICAL DESCRIPTION | |
| Extent | xii, 164 p. : |
| Other physical details | ill. ; |
| Dimensions | 24 cm. |
| 504 ## - BIBLIOGRAPHY, ETC. NOTE | |
| Bibliography, etc | Includes bibliographical references (p. 147-158) and index. |
| 505 0# - FORMATTED CONTENTS NOTE | |
| Formatted contents note | Conservation and development -- Institutions in the coastal zone -- Making choices -- Tools for integration -- Doing trade-off analysis -- Building successful institutions -- Integrating conservation and development. |
| 650 #0 - SUBJECT ADDED ENTRY--TOPICAL TERM | |
| Topical term or geographic name as entry element | Coastal zone management. |
| 9 (RLIN) | 14073 |
| 650 #0 - SUBJECT ADDED ENTRY--TOPICAL TERM | |
| Topical term or geographic name as entry element | Sustainable development. |
| 9 (RLIN) | 1103 |
| 700 1# - ADDED ENTRY--PERSONAL NAME | |
| Personal name | Tompkins, Emma L., |
| Dates associated with a name | 1966- |
| 9 (RLIN) | 14074 |
| 700 1# - ADDED ENTRY--PERSONAL NAME | |
| Personal name | Adger, W. Neil. |
| 9 (RLIN) | 14075 |
| 906 ## - LOCAL DATA ELEMENT F, LDF (RLIN) | |
| a | 7 |
| b | cbc |
| c | orignew |
| d | 1 |
| e | ecip |
| f | 20 |
| g | y-gencatlg |
| 942 ## - ADDED ENTRY ELEMENTS (KOHA) | |
| Source of classification or shelving scheme | Dewey Decimal Classification |
| Koha item type | Open Shelf |
| Withdrawn status | Lost status | Source of classification or shelving scheme | Damaged status | Not for loan | Home library | Current library | Date acquired | Source of acquisition | Inventory number | Total Checkouts | Full call number | Barcode | Date last seen | Price effective from | Koha item type |
|---|---|---|---|---|---|---|---|---|---|---|---|---|---|---|---|
| Dewey Decimal Classification | MUST Main Library | MUST Main Library | 12/04/2021 | 03/17952 | 333.917BRO 2002 | 2021-0408 | 12/04/2021 | 12/04/2021 | Open Shelf |
